000 00721nam a2200289Ia 4500
005 20260324120936.0
008 008 260324s9999 xx 000 0 eng d
020 _a9781315777443
037 _aEBOOK
040 _aCRL
040 _beng
040 _cCRL
041 _2eng
041 _aeng
084 _qCRL
100 _aMichael Tomasello
_91160570
245 4 _aThe New Psychology of Language
245 0 _bCognitive and Functional Approaches to Language Structure, Volume II
260 _bTaylor and Francis
260 _c2014
365 _a
365 _b230
856 _uhttp://www.taylorfrancis.com/books/9781315777443
942 _cEBOOK
999 _c1752375
_d1752375